000 00659nam a2200145Ia 4500
008 100122s9999 xx 000 0 und d
082 _b70630
_a923.254
100 _aसारथी अरुण
245 _aपंडित जवाहरलाल नेहरू: खिलाफत ते काश्मीर
260 _bअस्मिता प्रकाशन
_c2006
300 _a291
630 _aपंडित जवाहरलाल नेहरू: खिलाफत ते काश्मीर
730 _aपंडित जवाहरलाल नेहरू: खिलाफत ते काश्मीर
942 _cBOOK
999 _c441483
_d441480